| 000 | 00734cam a22002291 4500 | ||
|---|---|---|---|
| 001 | ne 68000056 | ||
| 003 | DLC | ||
| 005 | 20260227111836.0 | ||
| 008 | 840321s1967 le 000 0 arar | ||
| 010 | _ane 68000056 | ||
| 035 | _a(OCoLC)10546112 | ||
| 040 |
_aDLC _cTxU _dTxU _dDLC |
||
| 042 | _apremarc | ||
| 050 | 0 | 0 |
_aDS149 _b.S4828 |
| 100 | 1 |
_aSayegh, Fayez A. _q(Fayez Abdullah), _d1922-1980. |
|
| 245 | 1 | 3 |
_aal-Diblūmāsīyah al-Ṣahyūnīyah _c[taʼlīf] Fāyiz Ṣāyigh. |
| 260 |
_aBayrūt, _bMunaẓẓamat al-Taḥrīr al-Filasṭīnīyah, Markaz al-Abḥāth, _c1967. |
||
| 300 |
_a224 p. _c19 cm. |
||
| 440 | 0 |
_aDirāsāt Filasṭīnīyah, _v13 |
|
| 504 | _aBibliographical footnotes. | ||
| 650 | 0 |
_aZionism _xHistory. |
|
| 999 |
_c49915 _d49915 |
||